[Event "Europe Echecs Blitz Sept op"]
[Site "Europe Echecs INT"]
[Date "2021.09.19"]
[Round "3"]
[White "Casas, Alexandre"]
[Black "Droin, Augustin"]
[Result "0-1"]
[WhiteElo "1921"]
[BlackElo "2361"]
[PlyCount "138"]
[EventDate "2021.09.19"]
[EventType "swiss (blitz)"]
[EventRounds "11"]
[EventCountry "FRA"]
[SourceTitle "CBM 204 Extra"]
[Source "ChessBase"]
[SourceDate "2021.11.30"]
[SourceVersion "1"]
[SourceVersionDate "2021.11.30"]
[SourceQuality "1"]

1. d4 d5 2. c4 c6 3. Nc3 Nf6 4. e3 e6 5. Nf3 Nbd7 6. Qc2 Bd6 7. Be2 dxc4 8. Bxc4 0-0 9. 0-0 b5 10. Bd3 e5 11. h3 Bb7 12. Rd1 Qc7 13. Bd2 Rfe8 14. Rac1 Rac8 15. Bf5 exd4 16. exd4 h6 17. Qb1 Qd8 18. a3 Rc7 19. Re1 Nb6 20. Rcd1 Rce7 21. Rxe7 Rxe7 22. Qc1 Re8 23. Bxh6 gxh6 24. Qxh6 Bf8 25. Qg5+ Bg7 26. Ne5 Nc4 27. Rd3 Nxe5 28. dxe5 Nd5 29. Qh5 Rxe5 30. Rg3 Qf6 31. Qh7+ Kf8 32. Bc2 Nxc3 33. bxc3 Rg5 34. Rf3 Qe5 35. Bb3 Qe1+ 36. Kh2 Qe5+ 37. g3 Qe7 38. Rxf7+ Qxf7 39. Bxf7 Kxf7 40. Qe4 Re5 41. Qf4+ Kg8 42. Qg4 c5 43. Qd7 Be4 44. Qd8+ Kh7 45. Qh4+ Kg8 46. Qd8+ Kh7 47. Qh4+ Kg6 48. Qg4+ Kf7 49. Qd7+ Re7 50. Qg4 c4 51. Qf4+ Ke8 52. Qb8+ Kf7 53. Qf4+ Kg8 54. a4 bxa4 55. Qb8+ Kh7 56. Qf4 Kg6 57. Qg4+ Kf7 58. Qh5+ Kf8 59. Qb5 Rf7 60. Kg1 Re7 61. Qb8+ Kf7 62. Qf4+ Kg6 63. Qg4+ Kh7 64. Qh5+ Kg8 65. Qc5 Bf6 66. Qxc4+ Kf8 67. Qxa4 Bf3 68. g4 Re1+ 69. Kh2 Be5+ 0-1

[Event "Europe Echecs Blitz Sept op"]
[Site "Europe Echecs INT"]
[Date "2021.09.19"]
[Round "10"]
[White "Chitlange, Sakshi"]
[Black "Casas, Alexandre"]
[Result "1-0"]
[WhiteElo "2167"]
[BlackElo "1921"]
[PlyCount "49"]
[EventDate "2021.09.19"]
[EventType "swiss (blitz)"]
[EventRounds "11"]
[EventCountry "FRA"]
[SourceTitle "CBM 204 Extra"]
[Source "ChessBase"]
[SourceDate "2021.11.30"]
[SourceVersion "1"]
[SourceVersionDate "2021.11.30"]
[SourceQuality "1"]

1. d4 Nf6 2. c4 e6 3. g3 d5 4. Bg2 Be7 5. Nf3 0-0 6. 0-0 dxc4 7. Qc2 a6 8. a4 Bd7 9. Rd1 Bc6 10. Nc3 a5 11. e4 Bb4 12. Ne5 h6 13. Nxc4 Nbd7 14. d5 exd5 15. exd5 Nxd5 16. Nxd5 Bxd5 17. Bxd5 c6 18. Bg2 Qe7 19. Be3 Nf6 20. Rd3 Ng4 21. Rad1 Nxe3 22. Rxe3 Qf6 23. Nb6 Rad8 24. Nd7 Rxd7 25. Rxd7 1-0

[Event "Europe Echecs Blitz May op"]
[Site "Europe Echecs INT"]
[Date "2021.05.09"]
[Round "11"]
[White "Alberola, Raphael"]
[Black "Casas, Alexandre"]
[Result "0-1"]
[WhiteElo "1664"]
[BlackElo "1921"]
[PlyCount "78"]
[EventDate "2021.05.09"]
[EventType "swiss (blitz)"]
[EventRounds "11"]
[EventCountry "FRA"]
[SourceTitle "CBM 202 Extra"]
[Source "ChessBase"]
[SourceDate "2021.07.31"]
[SourceVersion "1"]
[SourceVersionDate "2021.07.31"]
[SourceQuality "1"]

1. e4 c5 2. Nf3 d6 3. d4 cxd4 4. Nxd4 Nf6 5. Nc3 a6 6. f3 e5 7. Nb3 Be7 8. Be3 0-0 9. Qd2 Be6 10. 0-0-0 Nbd7 11. Kb1 b5 12. g4 Nb6 13. h4 Nc4 14. Bxc4 bxc4 15. Nc1 Rb8 16. h5 Qc7 17. g5 Qb7 18. b3 Nd7 19. g6 Qb4 20. h6 fxg6 21. hxg7 Rxf3 22. Rxh7 cxb3 23. cxb3 Kxh7 24. Rh1+ Kxg7 25. Bh6+ Kg8 26. Qg2 Rf6 27. Bg5 Nf8 28. N1e2 Bxb3 29. axb3 Qxb3+ 30. Kc1 d5 31. Bxf6 Bxf6 32. exd5 e4 33. Rh3 Rc8 34. Qg4 Rxc3+ 35. Nxc3 Bxc3 36. Qe2 Bb2+ 37. Kd2 Qxh3 38. Qe3 Bc1+ 39. Kxc1 Qxe3+ 0-1

[Event "Europe Echecs Blitz May op"]
[Site "Europe Echecs INT"]
[Date "2021.05.09"]
[Round "9"]
[White "Doluhanova, Evgeniya"]
[Black "Casas, Alexandre"]
[Result "1/2-1/2"]
[WhiteElo "2207"]
[BlackElo "1921"]
[PlyCount "135"]
[EventDate "2021.05.09"]
[EventType "swiss (blitz)"]
[EventRounds "11"]
[EventCountry "FRA"]
[SourceTitle "CBM 202 Extra"]
[Source "ChessBase"]
[SourceDate "2021.07.31"]
[SourceVersion "1"]
[SourceVersionDate "2021.07.31"]
[SourceQuality "1"]

1. e4 c5 2. Nf3 d6 3. Bb5+ Nd7 4. Ba4 Ngf6 5. 0-0 Nxe4 6. Re1 Nef6 7. d4 cxd4 8. Nxd4 e6 9. Nxe6 fxe6 10. Rxe6+ Be7 11. Qxd6 Kf8 12. Qf4 Nc5 13. Re1 Nxa4 14. Qxa4 Bd7 15. Qb3 Bc6 16. Nc3 Nd5 17. Bd2 Qb6 18. Qc4 Rd8 19. Ne4 Nc7 20. Bc3 Qb5 21. Qxb5 Nxb5 22. Be5 Bxe4 23. Rxe4 Bf6 24. Bxf6 gxf6 25. Kf1 Kf7 26. Rae1 Rd7 27. c4 Nc7 28. b3 Rhd8 29. g3 b5 30. cxb5 Nxb5 31. Rf4 Re7 32. Rc1 Rd2 33. Rc6 Re6 34. Rc5 Nd4 35. Rc7+ Re7 36. Rxe7+ Kxe7 37. Kg2 Rxa2 38. Rxd4 Rb2 39. Rh4 Rxb3 40. Rxh7+ Ke6 41. Rxa7 Kf5 42. Ra5+ Kg6 43. h4 Rb2 44. g4 Rb4 45. Kg3 Rb3+ 46. f3 Rb1 47. h5+ Kf7 48. Ra6 Rg1+ 49. Kf4 Rb1 50. g5 Rb4+ 51. Kf5 Rb5+ 52. Kf4 fxg5+ 53. Kg4 Kg7 54. h6+ Kh7 55. Kh5 Rd5 56. Ra7+ Kh8 57. Kg6 Rd8 58. Kh5 Rg8 59. Ra6 Rf8 60. Rg6 Rxf3 61. Rxg5 Rh3+ 62. Kg6 Rf3 63. Rf5 Rxf5 64. Kxf5 Kh7 65. Kg5 Kh8 66. Kg6 Kg8 67. h7+ Kh8 68. Kh6 1/2-1/2

[Event "Europe Echecs Blitz May op"]
[Site "Europe Echecs INT"]
[Date "2021.05.09"]
[Round "2"]
[White "Shchekachev, Andrei"]
[Black "Casas, Alexandre"]
[Result "1-0"]
[WhiteElo "2515"]
[BlackElo "1921"]
[PlyCount "63"]
[EventDate "2021.05.09"]
[EventType "swiss (blitz)"]
[EventRounds "11"]
[EventCountry "FRA"]
[SourceTitle "CBM 202 Extra"]
[Source "ChessBase"]
[SourceDate "2021.07.31"]
[SourceVersion "1"]
[SourceVersionDate "2021.07.31"]
[SourceQuality "1"]

1. Nf3 c5 2. c4 Nf6 3. Nc3 d5 4. cxd5 Nxd5 5. e3 e6 6. Bb5+ Bd7 7. Be2 Bc6 8. 0-0 Bd6 9. d4 0-0 10. Qc2 cxd4 11. Nxd4 Qh4 12. g3 Qe7 13. Nxc6 Nxc6 14. Nxd5 exd5 15. Rd1 Rac8 16. Qb3 d4 17. Bg4 dxe3 18. Bxe3 Rcd8 19. Bf3 Ne5 20. Qxb7 Nxf3+ 21. Qxf3 Be5 22. Rab1 Rxd1+ 23. Qxd1 Rd8 24. Qa4 Rd7 25. b3 h6 26. Rc1 Bb2 27. Rc8+ Kh7 28. Qc4 Rd1+ 29. Kg2 Qb7+ 30. Qc6 Qb4 31. Qc2+ g6 32. Qxd1 1-0

[Event "Ville d'Orsay online Blitz"]
[Site "Europe Echecs INT"]
[Date "2021.02.07"]
[Round "4"]
[White "Brunner, Nicolas"]
[Black "Casas, Alexandre"]
[Result "1-0"]
[WhiteElo "2418"]
[BlackElo "1921"]
[PlyCount "57"]
[EventDate "2021.02.07"]
[EventType "swiss (blitz)"]
[EventRounds "11"]
[EventCountry "FRA"]
[SourceTitle "CBM 200 Extra"]
[Source "ChessBase"]
[SourceDate "2021.03.31"]
[SourceVersion "1"]
[SourceVersionDate "2021.03.31"]
[SourceQuality "1"]

1. d4 Nf6 2. c4 e6 3. Nf3 b6 4. g3 Bb4+ 5. Bd2 Be7 6. Bg2 Bb7 7. 0-0 0-0 8. Nc3 d5 9. cxd5 Nxd5 10. Re1 Nd7 11. e4 Nxc3 12. Bxc3 Bf6 13. Qd2 c5 14. d5 Bxc3 15. bxc3 exd5 16. exd5 Re8 17. Rxe8+ Qxe8 18. Re1 Qd8 19. c4 Qf6 20. Ng5 h6 21. Ne4 Qg6 22. Qf4 Ba6 23. Bh3 Nf6 24. Bf5 Qh5 25. Nxf6+ gxf6 26. d6 Qg5 27. d7 Qxf4 28. Re8+ Kg7 29. gxf4 1-0

[Event "Ville d'Orsay online Blitz"]
[Site "Europe Echecs INT"]
[Date "2021.02.07"]
[Round "10"]
[White "Navrotescu, Andreea Cristiana"]
[Black "Casas, Alexandre"]
[Result "1-0"]
[WhiteElo "2247"]
[BlackElo "1921"]
[PlyCount "59"]
[EventDate "2021.02.07"]
[EventType "swiss (blitz)"]
[EventRounds "11"]
[EventCountry "FRA"]
[SourceTitle "CBM 200 Extra"]
[Source "ChessBase"]
[SourceDate "2021.03.31"]
[SourceVersion "1"]
[SourceVersionDate "2021.03.31"]
[SourceQuality "1"]

1. d4 Nf6 2. c4 e6 3. Nc3 Bb4 4. e3 Bxc3+ 5. bxc3 c5 6. f3 Nc6 7. Bd3 0-0 8. Ne2 d6 9. 0-0 e5 10. d5 Na5 11. e4 h6 12. f4 exf4 13. Nxf4 Nd7 14. Nh5 Ne5 15. Be2 Naxc4 16. Qe1 Kh8 17. Qg3 Rg8 18. Bxc4 Nxc4 19. Rxf7 Qe8 20. Rxg7 Bd7 21. Rxg8+ Qxg8 22. Qxg8+ Rxg8 23. Nf6 Rg7 24. Bxh6 Rg6 25. Nxd7 Rxh6 26. Rf1 Nd2 27. Rf4 b5 28. e5 dxe5 29. Nxe5 Rg6 30. Nxg6+ 1-0

[Event "Cappelle Online Blitz op 1st"]
[Site "Europe Echecs INT"]
[Date "2021.01.10"]
[Round "3"]
[White "Casas, Alexandre"]
[Black "Clere, Philippe"]
[Result "1-0"]
[WhiteElo "1921"]
[BlackElo "1526"]
[PlyCount "55"]
[EventDate "2021.01.10"]
[EventType "swiss (blitz)"]
[EventRounds "11"]
[EventCountry "FRA"]
[SourceTitle "CBM 200 Extra"]
[Source "ChessBase"]
[SourceDate "2021.03.31"]
[SourceVersion "1"]
[SourceVersionDate "2021.03.31"]
[SourceQuality "1"]

1. d4 Nf6 2. c4 g6 3. Nc3 Bg7 4. e4 d6 5. f3 c5 6. dxc5 Qa5 7. cxd6 exd6 8. Nge2 0-0 9. Qxd6 Rd8 10. Qa3 Qa4 11. Qxa4 Nc6 12. Be3 Bd7 13. 0-0-0 Nd4 14. Qa5 b6 15. Qa3 Nxe2+ 16. Bxe2 Bf8 17. Qb3 Rac8 18. Kb1 Be6 19. Rxd8 Rxd8 20. Nd5 Nxd5 21. cxd5 Bc8 22. Bd4 Rd7 23. Rc1 Rd8 24. Bf6 Re8 25. Bb5 Be6 26. Bxe8 Bxd5 27. Qxd5 Bb4 28. Qxf7# 1-0

[Event "C'Chartres Blitz op"]
[Site "Europe Echecs INT"]
[Date "2020.11.28"]
[Round "10"]
[White "Casas, Alexandre"]
[Black "Dubois, Martine"]
[Result "1-0"]
[WhiteElo "1921"]
[BlackElo "1780"]
[PlyCount "129"]
[EventDate "2020.11.28"]
[EventType "swiss (blitz)"]
[EventRounds "11"]
[EventCountry "FRA"]
[SourceTitle "CBM 199 Extra"]
[Source "ChessBase"]
[SourceDate "2021.01.31"]
[SourceVersion "1"]
[SourceVersionDate "2021.01.31"]
[SourceQuality "1"]

1. d4 d5 2. c4 dxc4 3. Nf3 Nf6 4. Nc3 a6 5. a4 Nc6 6. d5 Na5 7. e4 e6 8. h3 Bb4 9. Bg5 exd5 10. exd5 Qxd5 11. Bxf6 Qxd1+ 12. Rxd1 gxf6 13. Nd2 Bxc3 14. bxc3 b5 15. Ne4 Ke7 16. Be2 Bb7 17. Bf3 Rad8 18. Rb1 Rhe8 19. 0-0 Nb3 20. axb5 axb5 21. Rfe1 Bxe4 22. Bxe4 Kf8 23. Bxh7 Rxe1+ 24. Rxe1 Re8 25. Rb1 c6 26. Bf5 Re5 27. g4 Ke7 28. Kg2 Nc5 29. Rd1 Ne6 30. h4 Nf4+ 31. Kg3 Ne2+ 32. Kf3 Nxc3 33. Ra1 Rd5 34. h5 Rd1 35. Ra8 Nd5 36. h6 Nc7 37. Ra7 Kd6 38. h7 Rh1 39. Rb7 c3 40. Rb8 c2 41. Bxc2 Nd5 42. h8Q Rxh8 43. Rxh8 Kc5 44. Rf8 Nb4 45. Be4 Kd4 46. Rxf7 c5 47. Rxf6 c4 48. Rb6 Kc5 49. Rb8 Nd3 50. Bxd3 cxd3 51. Ke3 Kc4 52. Rc8+ Kb3 53. Kxd3 Ka3 54. Rb8 b4 55. g5 b3 56. g6 b2 57. Rxb2 Kxb2 58. g7 Kc1 59. g8Q Kb1 60. f4 Kb2 61. f5 Ka1 62. f6 Kb2 63. Qc8 Ka2 64. Kc2 Ka1 65. Qa6# 1-0

[Event "C'Chartres Blitz op"]
[Site "Europe Echecs INT"]
[Date "2020.11.28"]
[Round "2"]
[White "Ternault, Mathieu"]
[Black "Casas, Alexandre"]
[Result "1/2-1/2"]
[WhiteElo "2324"]
[BlackElo "1921"]
[PlyCount "117"]
[EventDate "2020.11.28"]
[EventType "swiss (blitz)"]
[EventRounds "11"]
[EventCountry "FRA"]
[SourceTitle "CBM 199 Extra"]
[Source "ChessBase"]
[SourceDate "2021.01.31"]
[SourceVersion "1"]
[SourceVersionDate "2021.01.31"]
[SourceQuality "1"]

1. b3 e5 2. Bb2 Nc6 3. e3 Nf6 4. Bb5 Bd6 5. Na3 a6 6. Bxc6 dxc6 7. Nc4 0-0 8. Ne2 Re8 9. 0-0 Bg4 10. f3 Bh5 11. Qe1 Qe7 12. Nxd6 cxd6 13. e4 b5 14. d3 a5 15. a4 Reb8 16. f4 bxa4 17. Rxa4 Qc7 18. Kh1 h6 19. Ng3 Bg4 20. fxe5 dxe5 21. Nf5 Bxf5 22. Rxf5 Re8 23. Bc3 Nd7 24. Rxa5 Qb6 25. h3 Rxa5 26. Bxa5 Qc5 27. Bb4 Qxc2 28. Qc3 Qxc3 29. Bxc3 f6 30. b4 Rd8 31. Kg1 Nf8 32. Rf3 Ne6 33. Bd2 Nd4 34. Rf1 Nb3 35. Be3 Rxd3 36. Kf2 Nd4 37. Rc1 Rb3 38. Rc4 Rb2+ 39. Kg1 Rc2 40. Rxc2 Nxc2 41. Bc5 Kf7 42. Kf2 Ke6 43. g4 g6 44. Ke2 f5 45. gxf5+ gxf5 46. exf5+ Kxf5 47. Kd3 Ne1+ 48. Ke2 Ng2 49. Kf3 Nf4 50. h4 Nd3 51. Be7 e4+ 52. Ke3 Ne5 53. h5 Ng4+ 54. Ke2 Nf6 55. Bf8 Kg5 56. Be7 Kf5 57. Bf8 Ng8 58. Ke3 Nf6 59. Ke2 1/2-1/2

[Event "Europe Echecs Blitz Nov op"]
[Site "Europe Echecs INT"]
[Date "2020.11.08"]
[Round "8"]
[White "Casas, Alexandre"]
[Black "Stephan, Victor"]
[Result "0-1"]
[WhiteElo "1921"]
[BlackElo "2430"]
[PlyCount "68"]
[EventDate "2020.11.08"]
[EventType "swiss (blitz)"]
[EventRounds "11"]
[EventCountry "FRA"]
[SourceTitle "CBM 199 Extra"]
[Source "ChessBase"]
[SourceDate "2021.01.31"]
[SourceVersion "1"]
[SourceVersionDate "2021.01.31"]
[SourceQuality "1"]

1. e4 c5 2. Nf3 d6 3. d4 cxd4 4. Nxd4 Nf6 5. Nc3 a6 6. Bg5 e6 7. f4 Be7 8. Qf3 Qc7 9. 0-0-0 Nbd7 10. g4 b5 11. Bxf6 Nxf6 12. g5 Nd7 13. Bh3 Bb7 14. Rhe1 0-0-0 15. Nxe6 fxe6 16. Bxe6 Kb8 17. Nd5 Bxd5 18. Bxd5 Nb6 19. Kb1 Rhf8 20. Qe3 Rc8 21. c3 Qc5 22. Qg3 Ka7 23. Qh3 Rxf4 24. Qxh7 Rf2 25. h4 Na4 26. Qxg7 Rc7 27. Qd4 Rxb2+ 28. Ka1 Rh2 29. Rh1 Qxd4 30. cxd4 Rcc2 31. Bb3 Rcg2 32. e5 Nc3 33. Rc1 Rxa2+ 34. Bxa2 Rxa2# 0-1

[Event "Europe Echecs Blitz Nov op"]
[Site "Europe Echecs INT"]
[Date "2020.11.08"]
[Round "7"]
[White "Daulyte Cornette, Deimante"]
[Black "Casas, Alexandre"]
[Result "0-1"]
[WhiteElo "2400"]
[BlackElo "1921"]
[PlyCount "88"]
[EventDate "2020.11.08"]
[EventType "swiss (blitz)"]
[EventRounds "11"]
[EventCountry "FRA"]
[SourceTitle "CBM 199 Extra"]
[Source "ChessBase"]
[SourceDate "2021.01.31"]
[SourceVersion "1"]
[SourceVersionDate "2021.01.31"]
[SourceQuality "1"]

1. e4 c5 2. Nc3 a6 3. g3 b5 4. Bg2 Bb7 5. Nge2 b4 6. Na4 d6 7. d4 cxd4 8. Nxd4 Nf6 9. 0-0 Bxe4 10. Bxe4 Nxe4 11. c4 bxc3 12. Re1 d5 13. f3 Nf6 14. bxc3 e6 15. Rb1 Be7 16. Bf4 Nfd7 17. Rb7 0-0 18. Bc7 Qc8 19. Qb1 Nc5 20. Nxc5 Bxc5 21. Kg2 Bxd4 22. cxd4 Nc6 23. Rc1 Nxd4 24. Be5 Nc6 25. Rc7 Qb8 26. R7xc6 Qxe5 27. Qd3 Rab8 28. Rxa6 Rb2+ 29. Rc2 Rfb8 30. Rac6 g6 31. Rxb2 Rxb2+ 32. Rc2 h5 33. a4 h4 34. a5 Rxc2+ 35. Qxc2 d4 36. a6 Qb8 37. Qd3 Qb6 38. gxh4 e5 39. Kg3 f5 40. Qc4+ Kg7 41. Qa4 e4 42. a7 Qd6+ 43. Kh3 Qf4 44. a8Q Qxf3# 0-1

[Event "Europe Echecs Blitz Nov op"]
[Site "Europe Echecs INT"]
[Date "2020.11.08"]
[Round "9"]
[White "Milliet, Sophie"]
[Black "Casas, Alexandre"]
[Result "1-0"]
[WhiteElo "2401"]
[BlackElo "1921"]
[PlyCount "51"]
[EventDate "2020.11.08"]
[EventType "swiss (blitz)"]
[EventRounds "11"]
[EventCountry "FRA"]
[SourceTitle "CBM 199 Extra"]
[Source "ChessBase"]
[SourceDate "2021.01.31"]
[SourceVersion "1"]
[SourceVersionDate "2021.01.31"]
[SourceQuality "1"]

1. e4 c5 2. Nf3 d6 3. d4 cxd4 4. Qxd4 a6 5. Be2 Nc6 6. Qe3 Nf6 7. 0-0 g6 8. h3 Bg7 9. Rd1 Qc7 10. c4 0-0 11. Nc3 Re8 12. Bd2 b6 13. Rac1 Bb7 14. Nd5 Nxd5 15. cxd5 Qd7 16. dxc6 Bxc6 17. Bc3 e5 18. Bc4 b5 19. Bd5 Bxd5 20. Rxd5 Rac8 21. Rcd1 Re6 22. Bxe5 Rc6 23. Bxg7 Kxg7 24. Qd4+ Kg8 25. e5 Rc4 26. Qd3 1-0

[Event "FRA-ch Blitz Online Qual"]
[Site "Europe Echecs INT"]
[Date "2020.05.16"]
[Round "5"]
[White "Hejazipour, Mitra"]
[Black "Casas, Alexandre"]
[Result "1-0"]
[WhiteElo "2300"]
[BlackElo "1933"]
[PlyCount "107"]
[EventDate "2020.05.16"]
[EventType "swiss (blitz)"]
[EventRounds "15"]
[EventCountry "FRA"]
[SourceTitle "CBM 196 Extra"]
[Source "ChessBase"]
[SourceDate "2020.07.31"]
[SourceVersion "1"]
[SourceVersionDate "2020.07.31"]
[SourceQuality "1"]

1. Nf3 f5 2. g3 Nf6 3. Bg2 e6 4. 0-0 d5 5. d4 Bd6 6. c4 c6 7. b3 0-0 8. Bb2 Qe7 9. Nbd2 Ba3 10. Bxa3 Qxa3 11. Qc2 a5 12. Ne5 Qe7 13. c5 Nbd7 14. Ndf3 Nxe5 15. Nxe5 Ne4 16. f3 Nf6 17. e4 Nd7 18. exd5 exd5 19. Rae1 Nxe5 20. Rxe5 Qf6 21. Rfe1 Bd7 22. R1e3 Rae8 23. f4 h6 24. Qe2 Rxe5 25. Rxe5 Qf7 26. Qe1 a4 27. bxa4 Re8 28. Kf2 Rxe5 29. Qxe5 Qe8 30. Qxe8+ Bxe8 31. Ke3 g5 32. Kd3 Kg7 33. Kc3 Bh5 34. Kb4 Be2 35. Ka5 Ba6 36. Bf3 Kg6 37. Kb6 h5 38. h4 gxh4 39. gxh4 Kh6 40. Kc7 Kg6 41. Kd6 Bc4 42. a3 Bb3 43. a5 Bc4 44. Ke5 Ba6 45. Bd1 Bd3 46. Kd6 Kf6 47. Kc7 Ba6 48. Bc2 Ke6 49. Bd1 Kf6 50. Bxh5 Kg7 51. Kb6 Kf6 52. Be8 Kg7 53. Bxc6 bxc6 54. Kxa6 1-0

[Event "FRA-ch Blitz Online Qual"]
[Site "Europe Echecs INT"]
[Date "2020.05.16"]
[Round "9"]
[White "Tokhirjonova, Gulruhbegim"]
[Black "Casas, Alexandre"]
[Result "1-0"]
[WhiteElo "2378"]
[BlackElo "1933"]
[PlyCount "91"]
[EventDate "2020.05.16"]
[EventType "swiss (blitz)"]
[EventRounds "15"]
[EventCountry "FRA"]
[SourceTitle "CBM 196 Extra"]
[Source "ChessBase"]
[SourceDate "2020.07.31"]
[SourceVersion "1"]
[SourceVersionDate "2020.07.31"]
[SourceQuality "1"]

1. Nf3 c5 2. e4 d6 3. d4 cxd4 4. Nxd4 Nf6 5. Nc3 a6 6. h3 e5 7. Nde2 Be7 8. Bg5 Be6 9. Bxf6 Bxf6 10. Nd5 Nd7 11. Nec3 0-0 12. Be2 b5 13. a3 Rc8 14. 0-0 Nb6 15. Nxf6+ Qxf6 16. Qxd6 Nc4 17. Bxc4 Rxc4 18. Qxa6 Rb8 19. Rad1 h6 20. Rd6 Qg5 21. Kh1 Qh4 22. Rxe6 fxe6 23. Qxe6+ Kh8 24. Qxe5 Rf8 25. Qxb5 Rcc8 26. Qe2 Rb8 27. b4 Rbc8 28. Nd5 Rfe8 29. f3 Qg3 30. c4 Qe5 31. Qd3 Red8 32. c5 Qb2 33. Re1 Ra8 34. Re3 Qa1+ 35. Kh2 Qe5+ 36. f4 Qb2 37. Rf3 Rf8 38. c6 Rac8 39. c7 Qc1 40. b5 Rxc7 41. Nxc7 Qxc7 42. e5 Qb7 43. a4 Qb6 44. Qd6 Qxd6 45. exd6 Rd8 46. Rd3 1-0